[Event "It (open)"]
[Site "masterchessopen.com Hlohovec (Slovakia)"]
[Round "0"]
[White "Obodchuk Andrei (RUS)"]
[Black "Cvicela Anton (SVK)"]
[Result "1-0"]
[WhiteElo "2365"]
[BlackElo "2197"]

1.d4 d5 2.c4 c6 3.Nf3 Nf6 4.Nc3 e6 5.Bg5 dxc4 6.a4 Bb4 7.e4 b5 8.e5 h6 9.exf6
hxg5 10.fxg7 Rg8 11.h4 gxh4 12.Rxh4 Qf6 13.g3 Bb7 14.Ne5 Rxg7 15.Bg2 Nd7
16.Rh8+ Ke7 17.Nxd7 Kxd7 18.Rxa8 Bxa8 19.axb5 a5 20.bxa6 Qe7 21.Kf1 Kc7 22.Qe2
{#r} 1-0

[Event "It (open) \"]
[Site "masterchessopen.com Jyvaskyla (Finland)"]
[Round "2"]
[White "Davidsainen Kari (FIN)"]
[Black "Linnanen Lassi (FIN)"]
[Result "0-1"]
[WhiteElo "1767"]
[BlackElo "2168"]

1.d4 d5 2.c4 c6 3.Nf3 Nf6 4.Nc3 e6 5.Bg5 dxc4 6.e4 b5 7.e5 h6 8.Bh4 g5 9.Nxg5
hxg5 10.Bxg5 Nbd7 11.exf6 Bb7 12.a3 Qc7 13.h3 O-O-O 14.Qc2 Qa5 15.f4 c5
16.O-O-O Nb6 17.dxc5 Rxd1+ 18.Nxd1 Bxc5 19.f5 e5 20.Bd2 Qa6 21.Be3 Na4 22.Rg1
Rd8 23.Qf2 Qb6 24.Bxc5 Nxc5 25.Ne3 Be4 26.b4 Nb3+ {#R} 0-1

[Event "It (open)"]
[Site "masterchessopen.com Kilkenny (Ireland)"]
[Round "0"]
[White "Clarke Thomas (IRL)"]
[Black "McCarthy Tim (IRL)"]
[Result "1-0"]
[WhiteElo "2137"]
[BlackElo "2037"]

1.d4 d5 2.c4 e6 3.Nc3 Nf6 4.Nf3 c6 5.Bg5 dxc4 6.a4 Nbd7 7.e4 Qa5 8.Bd2 Bb4
9.Bxc4 O-O 10.e5 Nd5 11.Bd3 Nxc3 12.bxc3 Bxc3 13.Bxh7+ Kh8 14.Bc2 Kg8 15.Ra3
Bxd2+ 16.Nxd2 f5 17.O-O b5 18.Rg3 Ba6 19.Nf3 Rfe8 20.Ng5 Nf8 21.Bb3 bxa4
22.Qh5 g6 23.Nxe6 axb3 24.Rxg6+ Kf7 25.Rg7+ Kxe6 26.Qf7# 1-0

[Event "Ch Netherlands (team)"]
[Site "masterchessopen.com Netherlands"]
[Round "3"]
[White "Van De Griendt Jan Willem (NED)"]
[Black "Okkes Menno (NED)"]
[Result "1-0"]
[WhiteElo "2400"]
[BlackElo "2386"]

1.d4 d5 2.Nf3 Nf6 3.c4 c6 4.Nc3 e6 5.Bg5 dxc4 6.e4 b5 7.e5 h6 8.Bh4 g5 9.Nxg5
hxg5 10.Bxg5 Nbd7 11.g3 Bb7 12.Bg2 Qb6 13.exf6 O-O-O 14.O-O Bh6 15.h4 c5 16.d5
Bxg5 17.hxg5 b4 18.Na4 Qb5 19.b3 c3 20.Re1 exd5 21.Qg4 d4 22.Rad1 d3 23.Nxc5
Bxg2 24.Kxg2 Qxc5 25.Rxd3 Rh2+ {#r} 1-0

[Event "Ch USA (juniors)"]
[Site "masterchessopen.com New York (USA)"]
[Round "0"]
[White "Tsemekhman Vadim (USA)"]
[Black "Zamora Jorge (USA)"]
[Result "1-0"]
[WhiteElo "2355"]
[BlackElo "2410"]

1.d4 d5 2.c4 c6 3.Nf3 Nf6 4.Nc3 e6 5.Bg5 dxc4 6.a4 Bb4 7.e4 Qa5 8.Bd2 c5 9.d5
exd5 10.exd5 O-O 11.Be2 Bf5 12.O-O Nbd7 13.d6 Bd3 14.Nb5 Nd5 15.Bg5 Bxe2
16.Qxe2 a6 17.Rad1 Rfe8 18.Be7 N7f6 19.Rxd5 Nxd5 20.Ng5 Nxe7 21.Nc7 Nf5
22.Nxe8 Qd8 23.Nc7 Rc8 24.Nxf7 Qd7 25.Ne5 {#r} 1-0

[Event "It (open)"]
[Site "masterchessopen.com Paris (France)"]
[Round "4"]
[White "Olivares Daniel (ARG)"]
[Black "Neron De Surgy Gilles (FRA)"]
[Result "0-1"]
[WhiteElo "2110"]
[BlackElo "2170"]

1.d4 d5 2.c4 c6 3.Nc3 Nf6 4.Nf3 e6 5.Bg5 dxc4 6.e3 b5 7.Be2 Bb7 8.O-O Nbd7
9.Ne5 Nxe5 10.dxe5 Qxd1 11.Rfxd1 Nd7 12.Bf4 Nc5 13.a4 b4 14.Na2 Nxa4 15.Rdb1
Nb6 16.Rc1 c3 17.Rab1 c2 18.Ra1 b3 19.Nc3 a5 20.Na4 Nxa4 21.Rxa4 Bb4 22.e4 Ba6
23.Bxa6 Rxa6 24.Rca1 Rb6 25.Kf1 O-O {#R} 0-1

[Event "Ch Slovenia (juniors)"]
[Site "masterchessopen.com Slovenia"]
[Round "0"]
[White "Stojnic Miodrag (SLO)"]
[Black "Zugaj Fjodor (SLO)"]
[Result "0-1"]
[WhiteElo "2150"]
[BlackElo "2211"]

1.d4 e6 2.c4 Nf6 3.Nf3 d5 4.Nc3 c6 5.Bg5 dxc4 6.a4 Bb4 7.Qc2 b5 8.Bxf6 gxf6
9.e3 Bb7 10.Rc1 Nd7 11.b3 Bxc3+ 12.Qxc3 cxb3 13.axb5 cxb5 14.Bxb5 Rc8 15.Bc4
Ba6 16.Nd2 Nb6 17.Qxb3 Bxc4 18.Nxc4 Qd5 19.O-O Rxc4 20.e4 Qxd4 21.Rcd1 Qc3
22.Qb5+ Ke7 {#R} 0-1

[Event "It (open)"]
[Site "masterchessopen.com Zaragoza (Spain)"]
[Round "9"]
[White "Correas Marcen Jose M (ESP)"]
[Black "Sebastian Lorente Maria Pilar (ESP)"]
[Result "0-1"]
[WhiteElo "1994"]
[BlackElo "2053"]

1.Nf3 d5 2.d4 c6 3.c4 e6 4.Nc3 Nf6 5.Bg5 dxc4 6.a4 Bb4 7.e3 b5 8.axb5 cxb5
9.Ne5 Bb7 10.Be2 Nc6 11.Bf3 Nxe5 12.Bxb7 Nd3+ 13.Kf1 Rb8 14.Bc6+ Kf8 15.Ne4
Be7 16.Rxa7 Qb6 17.Rxe7 Kxe7 18.Qf3 Qxc6 19.Bxf6+ gxf6 20.Qxf6+ Kd7 21.Qxf7+
Kc8 22.d5 Qxd5 23.Nf6 Ne5 {#R} 0-1

[Event "It"]
[Site "masterchessopen.com Mineola (USA)"]
[Round "7"]
[White "La Flair Roger (USA)"]
[Black "Kotlyar Stanislav (USA)"]
[Result "1-0"]
[WhiteElo "2390"]
[BlackElo "2148"]

1.d4 d5 2.c4 c6 3.Nf3 Nf6 4.Nc3 e6 5.Bg5 dxc4 6.e4 b5 7.a4 Bb4 8.e5 h6 9.exf6
hxg5 10.fxg7 Rg8 11.h4 gxh4 12.Rxh4 Qf6 13.Rh5 a5 14.axb5 cxb5 15.Rxb5 Ba6
16.Rxb4 axb4 17.Qa4+ Nd7 18.Ne5 Qd8 19.Ne4 Bb7 20.Nf6+ Ke7 21.Nxg8+ Qxg8
22.Qxd7+ Kf6 23.Rxa8 Qxa8 24.Qxf7+ {#r} 1-0

[Event "It (open)"]
[Site "masterchessopen.com Antwerpen (Belgium)"]
[Round "6"]
[White "Lacrosse Marc (BEL)"]
[Black "Van Der Raaf Erik (NED)"]
[Result "1-0"]
[WhiteElo "2240"]
[BlackElo "2156"]

1.d4 d5 2.c4 c6 3.Nf3 Nf6 4.Nc3 e6 5.Bg5 dxc4 6.e4 b5 7.e5 h6 8.Bh4 g5 9.exf6
gxh4 10.Ne5 Bb7 11.Nxf7 Qxf6 12.Nxh8 Qxh8 13.Qh5+ Kd8 14.Qxh4+ Be7 15.Qe4 Na6
16.Be2 Nc7 17.O-O Qf6 18.Bg4 Kd7 19.Rfe1 Bb4 20.Re3 Bxc3 21.bxc3 Re8 22.Rae1
Nd5 23.Bxe6+ Kd6 24.Qg4 Nxe3 25.Qg3+ Ke7 26.Rxe3 {#r} 1-0

[Event "It (open)"]
[Site "masterchessopen.com Antwerpen (Belgium)"]
[Round "0"]
[White "Ragozin Evgeni (RUS)"]
[Black "Borst Johan (NED)"]
[Result "1-0"]
[WhiteElo "2510"]
[BlackElo "2258"]

1.c4 c6 2.d4 d5 3.Nc3 Nf6 4.Nf3 e6 5.Bg5 dxc4 6.e4 b5 7.a4 Bb4 8.e5 h6 9.exf6
hxg5 10.fxg7 Rg8 11.h4 gxh4 12.Rxh4 Qf6 13.Qc2 Bb7 14.Qe4 Nd7 15.axb5 Nc5
16.Qe5 Qxe5+ 17.Nxe5 f6 18.bxc6 fxe5 19.cxb7 Nxb7 20.dxe5 Rxg7 21.Rxc4 Ba5
22.Rc6 Kf7 23.Ra6 {#r} 1-0

[Event "Staatsliga B West 1994/95"]
[Site "masterchessopen.com Austria"]
[Round "5"]
[White "Amann Harald (AUT)"]
[Black "Hagen Kurt Mk (AUT)"]
[Result "1-0"]
[WhiteElo "2155"]
[BlackElo "2077"]

1.Nf3 Nf6 2.c4 e6 3.Nc3 d5 4.d4 c6 5.Bg5 dxc4 6.a4 Bb4 7.g3 Nbd7 8.Bg2 h6
9.Bd2 a5 10.O-O Nb6 11.e3 O-O 12.Qc2 c5 13.Rfd1 cxd4 14.exd4 Nbd5 15.Nb5 Bd7
16.Qxc4 Rc8 17.Qd3 Qb6 18.Ne5 Rfd8 19.Be3 Rc6 20.Rac1 {#r} 1-0

[Event "It (open)"]
[Site "masterchessopen.com Bern (Switzerland)"]
[Round "2"]
[White "Keck Ingolf (GER)"]
[Black "Maksimenko Andrei (UKR)"]
[Result "0-1"]
[WhiteElo "2064"]
[BlackElo "2475"]

1.d4 Nf6 2.c4 e6 3.Nf3 d5 4.Nc3 c6 5.Bg5 dxc4 6.e3 b5 7.a4 Qb6 8.Bxf6 gxf6
9.axb5 cxb5 10.b3 Bb4 11.Qc2 Bb7 12.bxc4 bxc4 13.Bxc4 Nd7 14.Ke2 Rc8 15.Na4
Qd6 16.Qb3 Rxc4 17.Nc5 Rxc5 18.dxc5 Ba6+ 19.Rxa6 Qxa6+ 20.Kd1 Bxc5 {#R} 0-1

[Event "It (cat.7)"]
[Site "masterchessopen.com Budapest (Hungary)"]
[Round "0"]
[White "Appleberry Martin (FRA)"]
[Black "Lukacs Peter (HUN)"]
[Result "0-1"]
[WhiteElo "2315"]
[BlackElo "2490"]

1.d4 d5 2.c4 e6 3.Nc3 c6 4.Nf3 Nf6 5.Bg5 dxc4 6.e4 b5 7.e5 h6 8.Bxf6 gxf6 9.g3
Bb7 10.Bg2 Nd7 11.O-O f5 12.a4 a6 13.Ne1 Qb6 14.Nc2 O-O-O 15.Qh5 Rh7 16.f4 Kb8
17.Rfd1 Qc7 18.a5 Be7 19.Rdb1 f6 20.exf6 Bxf6 21.Re1 Re7 22.Re3 Bg7 23.Rae1 b4
24.Ne2 Qxa5 25.b3 Qa2 {#R} 0-1

[Event "It (cat.8)"]
[Site "masterchessopen.com Budapest (Hungary)"]
[Round "0"]
[White "Wells Peter K (ENG)"]
[Black "Lukacs Peter (HUN)"]
[Result "0-1"]
[WhiteElo "2490"]
[BlackElo "2490"]

1.d4 d5 2.c4 c6 3.Nf3 Nf6 4.Nc3 e6 5.Bg5 dxc4 6.e4 b5 7.e5 h6 8.Bh4 g5 9.exf6
gxh4 10.Ne5 Qxf6 11.a4 Bb7 12.Be2 c5 13.Bh5 Bg7 14.Bxf7+ Ke7 15.f4 Bxg2 16.Rg1
h3 17.Qg4 Nd7 18.Bxe6 h5 19.Qg3 Kxe6 20.Rxg2 hxg2 21.Qh3+ Qf5 22.d5+ Ke7
23.d6+ Ke6 24.Qxg2 Bxe5 25.Qd5+ Kf6 {#R} 0-1

[Event "It (open) \"]
[Site "masterchessopen.com Cologne (Germany)"]
[Round "8"]
[White "Schenk Uwe Dr (GER)"]
[Black "Rosenberger Frank (GER)"]
[Result "0-1"]
[WhiteElo "2189"]
[BlackElo "2165"]

1.d4 d5 2.Nf3 c6 3.c4 e6 4.Nc3 Nf6 5.Bg5 dxc4 6.e4 b5 7.e5 h6 8.Bh4 g5 9.Nxg5
hxg5 10.Bxg5 Be7 11.exf6 Bxf6 12.Bxf6 Qxf6 13.g3 Na6 14.a3 Bb7 15.Ne4 Qe7
16.Qe2 O-O-O 17.Rd1 c5 18.Bg2 f5 19.O-O Qh7 20.h4 Bxe4 21.Bxe4 fxe4 22.a4 Qxh4
{#R} 0-1

[Event "Tournament"]
[Site "masterchessopen.com Denmark"]
[Round "2"]
[White "Trabolt Lars"]
[Black "Kaszowski Dariusz (POL)"]
[Result "0-1"]
[WhiteElo "2040"]
[BlackElo "2318"]

1.d4 d5 2.Nf3 Nf6 3.c4 c6 4.Nc3 e6 5.Bg5 dxc4 6.e4 b5 7.e5 h6 8.Bh4 g5 9.Nxg5
hxg5 10.Bxg5 Nbd7 11.g3 Bb7 12.Bg2 Qb6 13.exf6 O-O-O 14.O-O Ne5 15.Be3 c5
16.dxc5 Bxc5 17.Bxc5 Qxc5 18.Bxb7+ Kxb7 19.Qe2 Rd3 20.h4 Rxg3+ 21.Kh2 Rg4 {#R}
0-1

[Event "Cup Arnold"]
[Site "masterchessopen.com Gausdal (Norway)"]
[Round "3"]
[White "Puuska Heini (FIN)"]
[Black "Tisdall Jonathan D (NOR)"]
[Result "0-1"]
[WhiteElo "1984"]
[BlackElo "2465"]

1.d4 d5 2.c4 e6 3.Nc3 c6 4.Nf3 Nf6 5.Bg5 dxc4 6.e3 b5 7.a4 Bb4 8.axb5 cxb5
9.Qc2 Bb7 10.b3 Qc8 {#R} 0-1

[Event "Ch JBLN East 1993/94"]
[Site "masterchessopen.com Germany"]
[Round "5"]
[White "Helms Sven (GER)"]
[Black "Jahnke Andreas (GER)"]
[Result "1-0"]
[WhiteElo "2060"]
[BlackElo "2044"]

1.d4 d5 2.Nf3 Nf6 3.c4 e6 4.Nc3 c6 5.Bg5 dxc4 6.e4 b5 7.e5 h6 8.Bh4 g5 9.Nxg5
hxg5 10.Bxg5 Be7 11.Bxf6 Bxf6 12.exf6 Qxf6 13.g3 a6 14.Ne4 Qg6 15.Qf3 Ra7
16.h4 Re7 17.h5 Qg7 18.Qf4 e5 19.h6 Qg6 20.dxe5 Nd7 21.O-O-O Qe6 22.Bh3 Qxe5
23.Bxd7+ Bxd7 24.Nf6+ Kd8 25.Rxd7+ {#r} 1-0

[Event "Oberliga Southwest 1993/94"]
[Site "masterchessopen.com Germany"]
[Round "0"]
[White "Bureik Matthias (GER)"]
[Black "Borgstaedt Michael (GER)"]
[Result "1-0"]
[WhiteElo "2162"]
[BlackElo "2270"]

1.d4 d5 2.c4 c6 3.Nc3 Nf6 4.Nf3 e6 5.Bg5 dxc4 6.a4 Bb4 7.e4 Qa5 8.Bd2 Na6
9.Bxc4 O-O 10.O-O Qb6 11.Qc2 h6 12.Ba2 Be7 13.Bb1 Nb4 14.Qc1 c5 15.e5 Nd7
16.dxc5 Nxc5 17.Bxh6 Nb3 18.Qf4 Rd8 19.Ng5 f5 20.exf6 Bxf6 21.Qe4 Nxa1 22.Qh7+
Kf8 23.Qg6 Kg8 24.Qf7+ Kh8 25.Bxg7+ Bxg7 26.Qh5+ Kg8 {#r} 1-0

[Event "Ch BEM (juniors) (under 20)"]
[Site "masterchessopen.com Gifhorn (Germany)"]
[Round "2"]
[White "Steinhorst Ruediger (GER)"]
[Black "Hiemann Moritz (GER)"]
[Result "0-1"]
[WhiteElo "2026"]
[BlackElo "2141"]

1.d4 d5 2.c4 c6 3.Nf3 Nf6 4.Nc3 e6 5.Bg5 dxc4 6.e4 b5 7.e5 h6 8.Bh4 g5 9.Nxg5
hxg5 10.Bxg5 Nbd7 11.g3 Bb7 12.Bg2 Qb6 13.exf6 O-O-O 14.O-O Bh6 15.f4 Bxg5
16.fxg5 Ne5 17.Ne2 Ng4 18.Rf4 Ne3 19.Qd2 Nxg2 20.Kxg2 c5+ 21.Kg1 Qc6 22.Nc3
Qh1+ 23.Kf2 Qxh2+ 24.Ke1 Qxg3+ {#R} 0-1

[Event "It (open)"]
[Site "masterchessopen.com Goch (Germany)"]
[Round "7"]
[White "Geers B"]
[Black "Rosenberger Frank (GER)"]
[Result "0-1"]
[WhiteElo "1840"]
[BlackElo "2165"]

1.d4 d5 2.Nf3 e6 3.c4 c6 4.Nc3 Nf6 5.Bg5 dxc4 6.e4 b5 7.e5 h6 8.Bh4 g5 9.Nxg5
hxg5 10.Bxg5 Be7 11.exf6 Bxf6 12.Bxf6 Qxf6 13.g3 Na6 14.a3 Bb7 15.Bg2 O-O-O
16.d5 exd5 17.Qd2 Nc5 18.Rd1 Rhe8+ 19.Kf1 d4 20.Na2 Nb3 21.Bh3+ Kc7 22.Qf4+
Qxf4 23.gxf4 c5 24.Rg1 Bf3 {#R} 0-1

[Event "It (open) (juniors) (under 16)"]
[Site "masterchessopen.com Hengelo (Netherlands)"]
[Round "7"]
[White "Van Der Erf Remco (NED)"]
[Black "Blok Michiel (NED)"]
[Result "0-1"]
[WhiteElo "2254"]
[BlackElo "2176"]

1.d4 d5 2.Nf3 Nf6 3.c4 c6 4.Nc3 e6 5.Bg5 dxc4 6.e4 b5 7.e5 h6 8.Bh4 g5 9.Nxg5
hxg5 10.Bxg5 Nbd7 11.g3 Qa5 12.exf6 b4 13.Ne4 Ba6 14.Bg2 c3 15.bxc3 bxc3
16.Qc2 Rb8 17.a3 Rb2 18.Qxc3 Bb4 19.Qxb4 {#R} 0-1

[Event "Match \"]
[Site "masterchessopen.com London (England)"]
[Round "9"]
[White "Ward Christopher (ENG)"]
[Black "Boudre Jean-Pierre (FRA)"]
[Result "1-0"]
[WhiteElo "2490"]
[BlackElo "2400"]

1.d4 d5 2.c4 c6 3.Nc3 Nf6 4.Nf3 e6 5.Bg5 dxc4 6.e4 b5 7.e5 h6 8.Bh4 g5 9.exf6
gxh4 10.Ne5 Qxf6 11.a4 h3 12.gxh3 Bb7 13.Rg1 Bd6 14.Qh5 Na6 15.axb5 cxb5
16.Nxb5 Bb4+ 17.Ke2 Rc8 18.Bg2 Bxg2 19.Rxa6 Bd5 20.Rxa7 Rf8 21.Rg3 Be4 22.Nxf7
Bd3+ 23.Kd1 Rxf7 24.Rg8+ Bf8 25.Nd6+ {#r} 1-0

[Event "It (open)"]
[Site "masterchessopen.com Minsk (Belarus)"]
[Round "1"]
[White "Guliev Sarhan (AZE)"]
[Black "Alavkin Arseny (RUS)"]
[Result "1-0"]
[WhiteElo "2490"]
[BlackElo "2383"]

1.d4 d5 2.c4 c6 3.Nf3 Nf6 4.Nc3 e6 5.Bg5 dxc4 6.e4 b5 7.a4 Bb4 8.e5 h6 9.exf6
hxg5 10.fxg7 Rg8 11.h4 gxh4 12.Rxh4 Qf6 13.g3 Nd7 14.Bg2 Bb7 15.Kf1 a6 16.Ne5
Nxe5 17.dxe5 Qxe5 18.axb5 axb5 19.Rxa8+ Bxa8 20.Qa1 Qb8 21.Rh8 Ke7 22.Ne4 e5
23.Rxg8 Qxg8 24.Qa7+ Ke6 25.Qd7+ {#r} 1-0

[Event "It"]
[Site "masterchessopen.com Montevideo (Uruguay)"]
[Round "3"]
[White "Fraschini Mariano (ARG)"]
[Black "Donatti Alvaro (URU)"]
[Result "1-0"]
[WhiteElo "2385"]
[BlackElo "2193"]

1.d4 d5 2.c4 c6 3.Nf3 Nf6 4.Nc3 e6 5.Bg5 dxc4 6.e4 b5 7.e5 h6 8.Bh4 g5 9.Nxg5
hxg5 10.Bxg5 Nbd7 11.g3 Rg8 12.Bxf6 Nxf6 13.exf6 Bb7 14.Bg2 Qb6 15.O-O O-O-O
16.a4 Rxd4 17.Qh5 Rg6 18.Rad1 b4 19.Qh8 Rd8 20.Rxd8+ Qxd8 21.Rd1 Qe8 22.Ne4
Kb8 23.Nd6 Qd8 24.Bf3 Rxf6 25.Ne4 {#r} 1-0

[Event "Olympiad"]
[Site "masterchessopen.com Moscow (Russia)"]
[Round "7"]
[White "Lukey Stephen G (NZL)"]
[Black "Samer M Ibrahim (IRQ)"]
[Result "0-1"]
[WhiteElo "2285"]
[BlackElo "2354"]

1.d4 d5 2.c4 c6 3.Nf3 Nf6 4.Nc3 e6 5.Bg5 dxc4 6.e4 b5 7.e5 h6 8.Bh4 g5 9.Nxg5
hxg5 10.Bxg5 Nbd7 11.exf6 Bb7 12.g3 c5 13.d5 Bh6 14.Bxh6 Rxh6 15.Qd2 Qxf6
16.Bg2 Ne5 17.O-O O-O-O 18.Qe3 Rxh2 19.f4 Rxg2+ 20.Kxg2 Nd3 21.Kg1 exd5
22.Nxb5 d4 23.Qe2 Rh8 {#R} 0-1

[Event "It"]
[Site "masterchessopen.com Platja d'Aro Barcino (Spain)"]
[Round "0"]
[White "Bellon Lopez Juan Manuel (ESP)"]
[Black "Antunes Antonio (POR)"]
[Result "1-0"]
[WhiteElo "2460"]
[BlackElo "2510"]

1.d4 d5 2.c4 c6 3.Nc3 Nf6 4.Nf3 e6 5.Bg5 dxc4 6.e4 b5 7.a4 Qb6 8.Bxf6 gxf6
9.Be2 Bb7 10.O-O a6 11.d5 Nd7 12.Nd4 c5 13.Nc6 Rg8 14.Bh5 Bxc6 15.dxe6 Ne5
16.axb5 Bxb5 17.Qd5 Ra7 18.Nxb5 Qxb5 19.Rfd1 Qb6 20.Rxa6 Rxg2+ 21.Kxg2 Rxa6
22.Bxf7+ Ke7 23.Qd7+ {#r} 1-0

[Event "It"]
[Site "masterchessopen.com Portugal"]
[Round "4"]
[White "Santos Antonio P (POR)"]
[Black "Antunes Antonio (POR)"]
[Result "0-1"]
[WhiteElo "2336"]
[BlackElo "2510"]

1.d4 d5 2.c4 e6 3.Nc3 c6 4.Nf3 Nf6 5.Bg5 dxc4 6.e4 b5 7.e5 h6 8.Bh4 g5 9.exf6
gxh4 10.Ne5 Qxf6 11.a4 Bb7 12.Be2 h3 13.g3 Bg7 14.Bf3 Qe7 15.Ne4 O-O 16.O-O
Rd8 17.Bh5 Bxe5 18.dxe5 Rxd1 19.Rfxd1 Kg7 20.Nf6 Qc5 21.Re1 Na6 22.Rad1 Qf8
23.Rd7 Nc5 {#R} 0-1

[Event "It (open)"]
[Site "masterchessopen.com Recklinghausen (Germany)"]
[Round "2"]
[White "Ahling Michael (GER)"]
[Black "Wellmann Bjoern"]
[Result "0-1"]
[WhiteElo "2154"]
[BlackElo "2086"]

1.d4 d5 2.c4 c6 3.Nf3 e6 4.Nc3 Nf6 5.Bg5 dxc4 6.e4 b5 7.e5 h6 8.Bh4 g5 9.Nxg5
hxg5 10.Bxg5 Nbd7 11.exf6 Bb7 12.g3 c5 13.d5 Nxf6 14.Bg2 Bh6 15.Bxh6 Rxh6
16.Qd2 Rh5 17.Nxb5 Re5+ 18.Kf1 Nxd5 19.Rd1 Qb6 20.Nc3 O-O-O 21.Nxd5 Rdxd5
22.Bxd5 Rxd5 23.Qc2 Rxd1+ 24.Qxd1 Bxh1 25.Qc2 Qd6 26.h4 Bf3 {#R} 0-1

[Event "Ch Romania (team)"]
[Site "masterchessopen.com Romania"]
[Round "0"]
[White "Raduica Remus (ROM)"]
[Black "Ignatescu Radu (ROM)"]
[Result "0-1"]
[WhiteElo "2073"]
[BlackElo "2294"]

1.d4 d5 2.c4 e6 3.Nf3 c6 4.Nc3 Nf6 5.Bg5 dxc4 6.e4 b5 7.e5 h6 8.Bh4 g5 9.Nxg5
hxg5 10.Bxg5 Nbd7 11.Qf3 Qb6 12.exf6 Bb7 13.Be3 O-O-O 14.a4 Qa5 15.Be2 c5
16.Qg3 Nxf6 17.dxc5 Rg8 18.Qf4 Bxg2 19.Rg1 Be7 20.f3 Nd5 21.Qxf7 Bh4+ 22.Bf2
Nxc3 23.Qxe6+ Kb7 24.Rxg2 Rxg2 25.Qf7+ Ka8 26.Bxh4 Nd1+ {#R} 0-1

[Event "It (open)"]
[Site "masterchessopen.com Sala (Slovakia)"]
[Round "0"]
[White "Sith Jozef (SVK)"]
[Black "Cvicela Anton (SVK)"]
[Result "0-1"]
[WhiteElo "1669"]
[BlackElo "2197"]

1.d4 d5 2.Nf3 Nf6 3.c4 c6 4.Nc3 e6 5.Bg5 dxc4 6.e4 b5 7.e5 h6 8.Bh4 g5 9.Nxg5
hxg5 10.Bxg5 Nbd7 11.exf6 Bb7 12.g3 Qb6 13.Bg2 O-O-O 14.O-O c5 15.d5 b4 16.Na4
Qb5 17.a3 Ne5 18.axb4 cxb4 19.Be3 Bxd5 20.Bxd5 Rxd5 21.Qe2 Rd3 22.Nc3 bxc3
23.bxc3 Qd5 24.f4 Rxe3 25.Qa2 Rxg3+ {#R} 0-1

[Event "It (open)"]
[Site "masterchessopen.com Stockholm (Sweden)"]
[Round "0"]
[White "Hultin Per (SWE)"]
[Black "Norqvist Jorgen (SWE)"]
[Result "0-1"]
[WhiteElo "2102"]
[BlackElo "1998"]

1.d4 d5 2.c4 c6 3.Nc3 Nf6 4.Nf3 e6 5.Bg5 dxc4 6.e4 b5 7.e5 h6 8.Bh4 g5 9.Nxg5
hxg5 10.Bxg5 Nbd7 11.g3 Bb7 12.Bg2 Qb6 13.exf6 O-O-O 14.Qf3 Qxd4 15.O-O Ne5
16.Qe2 Nd3 17.a4 b4 18.Nb5 cxb5 19.Bxb7+ Kxb7 20.axb5 Bc5 21.b3 Qe5 22.Be3
{#R} 0-1

[Event "Ch Sweden (team)"]
[Site "masterchessopen.com Sweden"]
[Round "4"]
[White "Sandstrom Ludvig (SWE)"]
[Black "Ingbrandt Johan (SWE)"]
[Result "1-0"]
[WhiteElo "2354"]
[BlackElo "2397"]

1.d4 d5 2.Nf3 c6 3.c4 Nf6 4.Nc3 e6 5.Bg5 dxc4 6.e4 b5 7.a4 Bb7 8.axb5 cxb5
9.Nxb5 Qb6 10.Qa4 Nc6 11.Bxf6 gxf6 12.Bxc4 Bb4+ 13.Nc3 O-O 14.O-O Rfd8 15.d5
Na5 16.Bb5 a6 17.Qxb4 axb5 18.Rfd1 Nc4 19.Rxa8 Bxa8 20.b3 Nd6 21.h3 Re8 22.Nd4
exd5 23.exd5 Re5 24.Nc6 Bxc6 25.Qxd6 Rf5 26.Ne4 {#r} 1-0

[Event "It (open)"]
[Site "masterchessopen.com USA"]
[Round "0"]
[White "Sloan Kenneth (USA)"]
[Black "Gurevich Dmitry (USA)"]
[Result "0-1"]
[WhiteElo "1947"]
[BlackElo "2535"]

1.c4 c6 2.Nc3 d5 3.d4 Nf6 4.Nf3 e6 5.Bg5 dxc4 6.e4 b5 7.e5 h6 8.Bh4 g5 9.Nxg5
hxg5 10.Bxg5 Nbd7 11.Qf3 Bb7 12.O-O-O Qa5 13.exf6 b4 {#R} 0-1

[Event "It"]
[Site "masterchessopen.com Vrbas (Yugoslavia)"]
[Round "2"]
[White "Peev Peicho (BUL)"]
[Black "Janov Viktor (UKR)"]
[Result "1-0"]
[WhiteElo "2375"]
[BlackElo "2025"]

1.d4 d5 2.c4 c6 3.Nc3 Nf6 4.Nf3 e6 5.Bg5 dxc4 6.e4 b5 7.a4 Bb4 8.e5 h6 9.exf6
hxg5 10.fxg7 Rg8 11.h4 g4 12.Ne5 f5 13.Be2 Bb7 14.h5 Rxg7 15.h6 Rh7 16.Bxg4
Qg5 17.Rh5 Qf6 18.Bf3 Bd6 19.axb5 Bxe5 20.dxe5 Qxe5+ 21.Kf1 Qc7 22.Qe2 Bc8
23.Rxf5 Rxh6 24.Bh5+ {#r} 1-0

[Event "It (open)"]
[Site "masterchessopen.com Antwerpen (Belgium)"]
[Round "2"]
[White "Van Wely Loek (NED)"]
[Black "Borst Johan (NED)"]
[Result "0-1"]
[WhiteElo "2585"]
[BlackElo "2320"]

1.d4 d5 2.c4 c6 3.Nc3 Nf6 4.Nf3 e6 5.Bg5 dxc4 6.e4 b5 7.e5 h6 8.Bh4 g5 9.Nxg5
Nd5 10.Nxf7 Qxh4 11.Nxh8 Bb4 12.Rc1 c5 13.dxc5 Qg5 14.Be2 Bb7 15.Bf3 Nd7
16.O-O Bxc3 17.bxc3 Ke7 18.Be4 Rxh8 19.f4 Qg7 20.Qd4 Rc8 21.Rce1 Nxc5 22.f5
Nxe4 23.Qxe4 exf5 24.Rxf5 Ke8 25.Ref1 Nf4 26.Rf8+ Qxf8 {#R} 0-1

[Event "It (open)"]
[Site "masterchessopen.com Berlin (Germany)"]
[Round "0"]
[White "Richter Michael (GER)"]
[Black "Mueller Sebastian (GER)"]
[Result "0-1"]
[WhiteElo "2255"]
[BlackElo "2065"]

1.d4 d5 2.c4 e6 3.Nc3 c6 4.Nf3 Nf6 5.Bg5 dxc4 6.e4 b5 7.e5 h6 8.Bh4 g5 9.exf6
gxh4 10.Ne5 Qxf6 11.Be2 Nd7 12.Nxc6 Bb7 13.Bf3 a6 14.O-O Bg7 15.a4 b4 16.Ne4
Qf4 17.Qc1 Qc7 18.Nxb4 Bxd4 19.Nd6+ Qxd6 20.Bxb7 Rb8 21.Nxa6 Rxb7 22.Qxc4 O-O
23.Rad1 e5 24.b4 Nb6 25.Qc2 Qg6 {#R} 0-1

[Event "It (a)"]
[Site "masterchessopen.com Bermuda"]
[Round "8"]
[White "Lesiege Alexandre (CAN)"]
[Black "Polgar Sofia (HUN)"]
[Result "1-0"]
[WhiteElo "2480"]
[BlackElo "2485"]

1.d4 d5 2.c4 c6 3.Nf3 Nf6 4.Nc3 e6 5.Bg5 dxc4 6.e4 b5 7.e5 h6 8.Bh4 g5 9.exf6
gxh4 10.Ne5 Qxf6 11.a4 Bb7 12.Be2 c5 13.Nxb5 Na6 14.O-O Rd8 ( 14...Rg8 { !? }
) 15.f4 { ! } 15...cxd4 16.Bf3 Bxf3 ( 16...Bd5 17.Nc6 { ? } ) 17.Qxf3 Rd5
18.Rae1 Bb4 ( 18...Bc5 19.Ng6 { ! } 19...d3+ 20.Kh1 d2 21.Qxd5 dxe1=Q 22.Qc6+
Kd8 23.Rxe1 { ? } ) ( 18...Be7 19.Nc6 ) ( 18...Qf5 { !? } ) 19.Ng4 Qe7 { ! } (
19...Qf5 20.Re5 { ! } 20...Rxe5 21.Qc6+ Kf8 22.Nxe5 { ± } ) 20.Re5 { ! }
20...Kf8 ( 20...Rxe5 21.fxe5 { ± } ) ( 20...O-O 21.Nxh6+ ) ( 20...Kf8 21.f5 {
! ? } ) 21.f5 { ! } 21...Rxe5 22.Nxe5 d3 23.Kh1 d2 24.fxe6 Kg7 ( 24...Qxe6
25.Nd4 { +?? } ) 25.Nd4 {#r} 1-0